Cognición en el aula: teoría y práctica

Uloženo v:
Podrobná bibliografie
Hlavní autor: Sanz de Acedo Lizarraga, María Luisa (Autor)
Médium: Kniha
Jazyk:španělština
Vydáno: Pamplona Universidad Pública de Navarra 1999
Edice:Colección Ciencias Sociales, 4
Témata:
Tagy: Přidat tag
Žádné tagy, Buďte první, kdo vytvoří štítek k tomuto záznamu!

MARC

LEADER 00000nam a2200000 a 4500
001 UCO9004
003 CL-VaPUC
008 010119e19990000SP |||||||||||||||||spa|d
082 0 4 |a 153.4  |b SAN  |2 21 
100 0 |a Sanz de Acedo Lizarraga, María Luisa  |e author  |9 454064 
245 1 0 |a Cognición en el aula: teoría y práctica 
300 |a 278 p 
942 |c BK 
945 |d 20010119 00:00:00  |a vberengu 
260 |a Pamplona  |b Universidad Pública de Navarra  |c 1999 
650 0 |a Aprendizaje   |9 254827 
650 0 |a Inteligencia  |9 267038 
650 0 |a Pensamiento  |9 307612 
650 0 |a Procesos mentales superiores  |9 330839 
583 |a last modification  |c 20010119 00:00:00  |k Rodrigo Vera 
490 0 |a Colección Ciencias Sociales, 4 
999 |c 293414  |d 293412 
952 |0 0  |1 0  |4 0  |6 153_400000000000000_SAN_1999  |7 0  |8 A  |9 344920  |a FDOPOS  |b FDOPOS  |d 2019-11-20  |i 3642607  |o 153.4 SAN 1999  |p 3642607  |r 2025-01-22  |w 2019-11-20  |y BK  |k MLA